000 00649cam a22002054a 4500
001 12752124
005 20241106200539.0
008 020424s2003 njua 001 0 eng
020 _a9780130608550
050 0 0 _aQA76.73.C15
_bC65 2003
082 0 0 _a005.13/3
_221
100 1 _aCollopy, David M.
245 1 0 _aIntroduction to C programming :
_ba modular approach /
_cDavid M. Collopy.
250 _a2nd ed.
260 _aUpper Saddle River, N.J. :
_bPrentice Hall,
_cc2003.
300 _axii, 692 p. :
_bill. ;
_c24 cm. +
_e1 CD-ROM (4 3/4 in.)
500 _aIncludes index.
650 0 _aC (Computer program language)
942 _2lcc
_cBK
_e2nd Ed.
_n0
999 _c762
_d762